[Event "Weekend"]
[Site "Pinerolo ITA"]
[Date "2009.11.15"]
[Round "4"]
[White "Bellia, Mario"]
[Black "Revello, Beatrice"]
[Result "0-1"]
[WhiteElo "1582"]
[BlackElo "1479"]
[PlyCount "48"]
[EventDate "2009.11.13"]

1. b3 d5 2. Bb2 Nc6 3. Nf3 Nf6 4. e3 Bg4 5. d4 e6 6. Be2 Be7 7. h3 Bh5 8. a3
Ne4 9. Nc3 Nxc3 10. Bxc3 Qd7 11. g4 Bg6 12. Bb5 a6 13. Ne5 axb5 14. Nxd7 Kxd7
15. Qe2 Na7 16. O-O h5 17. Bb4 Bf6 18. c4 hxg4 19. hxg4 Rh7 20. cxb5 Rah8 21.
Kg2 Rh2+ 22. Kg3 Be4 23. Rg1 R8h3+ 24. Kf4 g5# 0-1

[Event "Weekend"]
[Site "Pinerolo ITA"]
[Date "2009.11.15"]
[Round "4"]
[White "Cirrincione Paze', Paolo"]
[Black "Medaglia, Enzo"]
[Result "0-1"]
[WhiteElo "1650"]
[BlackElo "1748"]
[PlyCount "82"]
[EventDate "2009.11.13"]

1. d4 Nf6 2. Nf3 g6 3. Nc3 Bg7 4. e4 d6 5. Be3 O-O 6. Qd2 e5 7. Bh6 exd4 8.
Nxd4 Re8 9. f3 Nxe4 10. Nxe4 Qh4+ 11. g3 Qxh6 12. Qxh6 Bxh6 13. Kf2 Bg7 14. Nb5
Na6 15. c3 d5 16. Nd2 Bd7 17. Be2 Rxe2+ 18. Kxe2 Bxb5+ 19. Kf2 Nc5 20. Rab1 Re8
21. Nb3 Nd3+ 22. Kg1 c5 23. Rd1 c4 24. Nd4 Bd7 25. b3 Bh3 26. g4 Bh6 27. Rxd3
cxd3 28. Kf2 Bf4 29. Rd1 f5 30. Rxd3 fxg4 31. fxg4 Bxg4 32. Nf3 Be6 33. Nd4 Bf7
34. h3 h5 35. Nb5 a6 36. Na3 g5 37. Kf3 Bg6 38. Rd1 h4 39. Kf2 Be3+ 40. Kf1 Be4
41. Ke2 Bc5 0-1

[Event "Weekend"]
[Site "Pinerolo ITA"]
[Date "2009.11.15"]
[Round "4"]
[White "Cirrincione, Giansalvo"]
[Black "Petritaj, Ferdinando"]
[Result "0-1"]
[WhiteElo "1982"]
[BlackElo "2193"]
[PlyCount "58"]
[EventDate "2009.11.13"]

1. d4 Nf6 2. Nf3 b6 3. Bf4 Bb7 4. e3 e6 5. Nbd2 Be7 6. Bd3 c5 7. c3 O-O 8. e4
d6 9. Qc2 h6 10. e5 Nd5 11. Bg3 cxd4 12. Nxd4 dxe5 13. Bxe5 Nd7 14. N2f3 Nxe5
15. Nxe5 Bf6 16. Ndf3 Rc8 17. Qd2 Qc7 18. Ng4 Qf4 19. Nxf6+ Qxf6 20. Be4 Rfd8
21. Qc2 Nb4 22. Qe2 Bxe4 23. cxb4 Bd3 24. Qe5 Qe7 25. a3 Rd5 26. Qf4 e5 27. Qe3
Rc2 28. Nd2 Qd7 29. Rd1 Ba6 0-1

[Event "Weekend"]
[Site "Pinerolo ITA"]
[Date "2009.11.15"]
[Round "4"]
[White "Combina, Alberto"]
[Black "De Vecchis, Luigi"]
[Result "1-0"]
[WhiteElo "1578"]
[BlackElo "1380"]
[PlyCount "49"]
[EventDate "2009.11.13"]

1. d4 d5 2. Bf4 Nf6 3. e3 e6 4. Nf3 Nbd7 5. c3 Bd6 6. Bg3 O-O 7. Bd3 Re8 8. Ne5
Nf8 9. Nd2 c5 10. h4 c4 11. Bc2 h5 12. Ndf3 g6 13. Bf4 Bxe5 14. dxe5 N6h7 15.
Rg1 Qc7 16. g4 Kh8 17. gxh5 gxh5 18. Ng5 Ng6 19. Nxh7 Kxh7 20. Qxh5+ Kg7 21.
Qh6+ Kg8 22. h5 Re7 23. hxg6 fxg6 24. Qxg6+ Rg7 25. Qe8# 1-0

[Event "Weekend"]
[Site "Pinerolo ITA"]
[Date "2009.11.15"]
[Round "4"]
[White "Flego, Dario"]
[Black "Carrozza, Alessandro"]
[Result "1/2-1/2"]
[WhiteElo "1768"]
[BlackElo "1458"]
[PlyCount "47"]
[EventDate "2009.11.13"]

1. c4 Nf6 2. Nf3 d5 3. cxd5 Nxd5 4. Nc3 g6 5. e4 Nb6 6. d4 Bg7 7. Be2 O-O 8.
O-O Bg4 9. e5 Nc6 10. d5 Nb4 11. d6 c6 12. Qb3 Bxf3 13. Qxb4 Bxe2 14. dxe7 Qd3
15. Re1 Rfe8 16. Rxe2 Qd7 17. Bg5 Nc8 18. Rd1 Qe6 19. Qxb7 Nxe7 20. Red2 Nf5
21. Qd7 Bxe5 22. Qxe6 Rxe6 23. f4 Bd6 24. Rd3 1/2-1/2

[Event "Weekend"]
[Site "Pinerolo ITA"]
[Date "2009.11.15"]
[Round "4"]
[White "Ghisio, Paolo"]
[Black "Della Penna, Vincenzo"]
[Result "0-1"]
[WhiteElo "1351"]
[BlackElo "1775"]
[PlyCount "62"]
[EventDate "2009.11.13"]

1. e4 e5 2. Nf3 Nf6 3. Nc3 Nc6 4. Bb5 Bc5 5. Bxc6 dxc6 6. h3 O-O 7. O-O Re8 8.
d3 h6 9. Ne2 Nh5 10. c3 Qf6 11. Re1 Qg6 12. Nh4 Qf6 13. Nf3 Nf4 14. Nxf4 exf4
15. d4 Be7 16. Qd2 g5 17. Ne5 Qg7 18. Qe2 f6 19. Qh5 Rf8 20. Ng6 Rf7 21. Nxe7+
Rxe7 22. e5 f5 23. f3 Be6 24. Bxf4 Bf7 25. Bxg5 Bxh5 26. Bxe7 Qxe7 27. f4 Rd8
28. a3 c5 29. Re3 cxd4 30. Rg3+ Kh7 31. Rc1 d3 0-1

[Event "Weekend"]
[Site "Pinerolo ITA"]
[Date "2009.11.15"]
[Round "4"]
[White "Giacone, Maurizio"]
[Black "Christen, Peter Walter"]
[Result "1-0"]
[WhiteElo "1731"]
[BlackElo "1512"]
[PlyCount "51"]
[EventDate "2009.11.13"]

1. e4 e6 2. d4 d5 3. exd5 exd5 4. Bd3 Nf6 5. Bg5 Bd6 6. Qe2+ Qe7 7. Bxf6 gxf6
8. Nd2 Qxe2+ 9. Nxe2 Be6 10. Ng3 Nd7 11. Nf5 Bf8 12. Ne3 Bh6 13. h3 Bxe3 14.
fxe3 f5 15. O-O Ke7 16. Bxf5 Rag8 17. Bxe6 fxe6 18. Rf2 Rg6 19. Kh2 h5 20. g3
Rhg8 21. Rg1 c6 22. Rf4 Nf6 23. e4 b6 24. e5 Nd7 25. Rh4 Rg5 26. g4 1-0

[Event "Weekend"]
[Site "Pinerolo ITA"]
[Date "2009.11.15"]
[Round "4"]
[White "Giaveno, Omar"]
[Black "Carnino, Luca"]
[Result "0-1"]
[WhiteElo "1461"]
[BlackElo "1819"]
[PlyCount "62"]
[EventDate "2009.11.13"]

1. d4 Nf6 2. Nc3 g6 3. e4 d6 4. Nf3 Bg7 5. Be3 O-O 6. Qd2 c6 7. Bh6 b5 8. Bxg7
Kxg7 9. a3 Qb6 10. b4 a5 11. e5 Ng8 12. Ne4 axb4 13. Qxb4 Ra4 14. Qb2 Bf5 15.
Bd3 Bxe4 16. Bxe4 d5 17. Bd3 Qa5+ 18. c3 Nd7 19. O-O Ra8 20. Rae1 e6 21. Nd2
Rxa3 22. Nb1 Ra2 23. Qc1 Ne7 24. Re2 Rxe2 25. Bxe2 c5 26. Nd2 c4 27. Nf3 b4 28.
Qc2 b3 29. Qb2 Qa2 30. Rb1 Qxb2 31. Rxb2 Ra2 0-1

[Event "Weekend"]
[Site "Pinerolo ITA"]
[Date "2009.11.15"]
[Round "4"]
[White "La Mesa, Sergio"]
[Black "Giordana, Diego"]
[Result "0-1"]
[WhiteElo "1413"]
[BlackElo "1485"]
[PlyCount "88"]
[EventDate "2009.11.13"]

1. d4 Nf6 2. Nf3 e6 3. Nbd2 c5 4. e3 d5 5. c3 Bd6 6. Bd3 Nbd7 7. O-O b6 8. e4
dxe4 9. Nxe4 Be7 10. Re1 Bb7 11. Nxf6+ Nxf6 12. Bb5+ Nd7 13. Ne5 Bc8 14. Nc6
Qc7 15. Nxe7 Kxe7 16. d5 Nf6 17. dxe6 Bxe6 18. Bc4 Rad8 19. Qe2 Qc6 20. Bxe6
Qxe6 21. Qxe6+ fxe6 22. Bg5 Rd5 23. Bxf6+ gxf6 24. Rad1 Rhd8 25. Rxd5 Rxd5 26.
Kf1 Rd2 27. Re2 Rd1+ 28. Re1 Rxe1+ 29. Kxe1 Kd6 30. Ke2 Kd5 31. b3 Ke4 32. f3+
Kf4 33. g3+ Kg5 34. Ke3 e5 35. Ke4 h5 36. h3 h4 37. g4 a5 38. a3 b5 39. c4 bxc4
40. bxc4 a4 41. Ke3 f5 42. gxf5 Kxf5 43. Kd3 Kf4 44. Ke2 Kg3 0-1

[Event "Weekend"]
[Site "Pinerolo ITA"]
[Date "2009.11.15"]
[Round "4"]
[White "Martin, Tiziano"]
[Black "Abbura', Davide"]
[Result "1/2-1/2"]
[WhiteElo "1968"]
[BlackElo "1691"]
[PlyCount "47"]
[EventDate "2009.11.13"]

1. e4 g6 2. Nc3 Bg7 3. g3 d6 4. Bg2 e5 5. Nge2 Be6 6. d4 c6 7. dxe5 dxe5 8.
Qxd8+ Kxd8 9. Be3 Nd7 10. O-O Ne7 11. Rfd1 Kc7 12. a4 a5 13. Nc1 Rhd8 14. Nd3
b6 15. b3 Nc8 16. Nb2 Nd6 17. Rd2 Nb7 18. Nd3 f6 19. f4 Bf8 20. fxe5 Nxe5 21.
Nxe5 Rxd2 22. Bxd2 Bc5+ 23. Kf1 fxe5 24. Bh6 1/2-1/2

[Event "Weekend"]
[Site "Pinerolo ITA"]
[Date "2009.11.15"]
[Round "4"]
[White "Moschetto, Giuliano"]
[Black "Longo, Luigi"]
[Result "1/2-1/2"]
[WhiteElo "1695"]
[BlackElo "1962"]
[PlyCount "120"]
[EventDate "2009.11.13"]

1. c4 e6 2. b3 Nf6 3. Bb2 d5 4. cxd5 exd5 5. Nf3 Bd6 6. g3 Bg4 7. Bg2 Nbd7 8.
O-O O-O 9. d3 Re8 10. Re1 c6 11. a3 Ne5 12. Nbd2 Qd7 13. Nxe5 Bxe5 14. Bxe5
Rxe5 15. f3 Bh3 16. f4 Rh5 17. Bf3 Bg4 18. e4 dxe4 19. Nxe4 Qd4+ 20. Nf2 Rxh2
21. Ra2 Bxf3 22. Qxf3 Rh5 23. Rae2 Rd5 24. Kg2 Rdd8 25. Re7 Re8 26. Ng4 Kf8 27.
Qe2 Qd8 28. Rxe8+ Nxe8 29. Qe4 Qd5 30. Qxd5 cxd5 31. Rc1 Ke7 32. Ne3 Ke6 33.
Kf3 g6 34. g4 h5 35. f5+ Ke5 36. d4+ Kd6 37. fxg6 fxg6 38. gxh5 gxh5 39. Rg1
Nf6 40. Nf5+ Ke6 41. Kf4 Rc8 42. Re1+ Kd7 43. Re7+ Kd8 44. Rxb7 Rc3 45. Kg5
Ne4+ 46. Kxh5 Kc8 47. Rxa7 Rxb3 48. Ne7+ Kb8 49. Ra4 Nc3 50. Rb4+ Rxb4 51. axb4
Kc7 52. Kg5 Kb6 53. Kf5 Kb5 54. Ke5 Kc4 55. Nc6 Kb5 56. Kd6 Kc4 57. Ke5 Kb5 58.
Ne7 Kc4 59. b5 Nxb5 60. Nxd5 Nxd4 1/2-1/2

[Event "Weekend"]
[Site "Pinerolo ITA"]
[Date "2009.11.15"]
[Round "4"]
[White "Piazza, Giacomo"]
[Black "Porzio, Franco"]
[Result "1-0"]
[WhiteElo "1540"]
[BlackElo "1710"]
[PlyCount "77"]
[EventDate "2009.11.13"]

1. Nf3 d5 2. e3 Nf6 3. b3 c5 4. Bb2 e6 5. d3 Nc6 6. a3 Be7 7. Nbd2 O-O 8. Be2
Qc7 9. c4 b6 10. Qc2 Bb7 11. h3 Rad8 12. g4 d4 13. e4 e5 14. Rg1 Bc8 15. Nh4
Ne8 16. Nf5 Bg5 17. Nf3 Bf4 18. Bc1 Ne7 19. Bxf4 exf4 20. Qd2 Nxf5 21. gxf5 Kh8
22. h4 g6 23. fxg6 fxg6 24. h5 Nf6 25. hxg6 Rg8 26. g7+ Rxg7 27. Rxg7 Kxg7 28.
O-O-O Kh8 29. e5 Nh5 30. Nh4 Qxe5 31. Bxh5 Qxh5 32. Qxf4 Rg8 33. Qf6+ Rg7 34.
Rg1 Qf7 35. Qe5 Kg8 36. Re1 Qxf2 37. Qd5+ Rf7 38. Re8+ Kg7 39. Qg5# 1-0

[Event "Weekend"]
[Site "Pinerolo ITA"]
[Date "2009.11.15"]
[Round "4"]
[White "Sotgia, Cosimo"]
[Black "Bonino, Matteo"]
[Result "1/2-1/2"]
[WhiteElo "1874"]
[BlackElo "1566"]
[PlyCount "109"]
[EventDate "2009.11.13"]

1. e4 e6 2. d4 d5 3. Nc3 Bb4 4. Nge2 dxe4 5. a3 Bxc3+ 6. Nxc3 Nf6 7. Bg5 Nc6 8.
Bb5 Bd7 9. Nxe4 h6 10. Nxf6+ gxf6 11. Bh4 a6 12. Ba4 b5 13. Bb3 Na5 14. Qg4 Kf8
15. Qf4 Kg7 16. Ba2 Nb7 17. O-O-O Nd6 18. Rd3 Nf5 19. Re1 Nxh4 20. Qxh4 f5 21.
Rg3+ Kh7 22. Qh5 Qf6 23. c3 Rag8 24. Ree3 f4 25. Bb1+ Rg6 26. Rh3 Kg7 27. g3
fxg3 28. Rexg3 Rxg3 29. Rxg3+ Kf8 30. Rf3 Qg5+ 31. Qxg5 hxg5 32. h3 Bc6 33. Rg3
Ke7 34. Bd3 f6 35. Kd2 Bd5 36. a4 Rb8 37. a5 Kd6 38. Ke3 c5 39. dxc5+ Kxc5 40.
b4+ Kd6 41. f4 gxf4+ 42. Kxf4 Rh8 43. Bf1 Rh4+ 44. Rg4 e5+ 45. Kg3 Rxg4+ 46.
hxg4 Be4 47. Be2 Kd5 48. Kf2 Bc2 49. Ke3 Bg6 50. Bf1 f5 51. gxf5 Bxf5 52. Be2
Bc2 53. Bf1 Be4 54. Be2 Bg2 55. Kd3 1/2-1/2

[Event "Weekend"]
[Site "Pinerolo ITA"]
[Date "2009.11.15"]
[Round "4"]
[White "Stroppa, Daniel"]
[Black "Molina, Fabrizio"]
[Result "1/2-1/2"]
[WhiteElo "2208"]
[BlackElo "2220"]
[PlyCount "116"]
[EventDate "2009.11.13"]

1. d4 d5 2. Nf3 Nf6 3. e3 e6 4. Bd3 Bd6 5. O-O O-O 6. b3 c5 7. Bb2 Nc6 8. a3
Qc7 9. dxc5 Bxc5 10. c4 dxc4 11. Bxc4 e5 12. Qc2 Bg4 13. Nbd2 Qe7 14. b4 Bd6
15. Ne4 Bf5 16. Bd3 Bxe4 17. Bxe4 Nxe4 18. Qxe4 Rae8 19. Rfd1 a6 20. Rac1 Bb8
21. Nh4 g6 22. Nf3 h6 23. Rc5 Rd8 24. Rcd5 Kh7 25. Rxd8 Rxd8 26. Rxd8 Qxd8 27.
Qc2 Qd6 28. Qd2 f5 29. Qxd6 Bxd6 30. h4 Kg8 31. Nd2 Kf7 32. Kf1 Ke6 33. Ke2 Kd5
34. f3 e4 35. g4 h5 36. gxh5 gxh5 37. fxe4+ fxe4 38. Bf6 b5 39. Nb3 Ne5 40.
Bxe5 Bxe5 41. Nc5 a5 42. Nd7 axb4 43. axb4 Bg7 44. Kd2 Kc4 45. Nc5 Bf6 46. Nxe4
Bxh4 47. Nd6+ Kxb4 48. Ke2 Be7 49. Nxb5 Kxb5 50. Kf2 Kc4 51. Kg2 Kd3 52. Kh1
Ke4 53. Kg2 Bb4 54. Kh3 Be1 55. Kg2 h4 56. Kh1 Kf3 57. e4 Kg3 58. e5 Kf4
1/2-1/2

[Event "Weekend"]
[Site "Pinerolo ITA"]
[Date "2009.11.15"]
[Round "4"]
[White "Topczewski, Damian"]
[Black "Pesiri, Rossano"]
[Result "1/2-1/2"]
[WhiteElo "2123"]
[BlackElo "1497"]
[PlyCount "84"]
[EventDate "2009.11.13"]

1. e4 c5 2. Nf3 g6 3. c3 Bg7 4. d4 cxd4 5. cxd4 d5 6. exd5 Nf6 7. Nc3 Nxd5 8.
Bc4 Nxc3 9. bxc3 O-O 10. O-O Qc7 11. Bb3 Qxc3 12. Be3 Bf5 13. Rc1 Qd3 14. Rc7
Nc6 15. d5 Na5 16. Rxe7 Nxb3 17. Qxb3 Qxb3 18. axb3 Rfd8 19. Rxb7 Rxd5 20. Bxa7
Rd3 21. b4 Rb3 22. Nd4 Bxd4 23. Bxd4 Rd8 24. Bf6 Rc8 25. h3 h6 26. Re1 Rb1 27.
Rxb1 Bxb1 28. b5 Be4 29. Re7 Bd5 30. b6 Kf8 31. Ra7 Rb8 32. Rc7 Ke8 33. Bd4 Rb7
34. Rc5 Be6 35. Rc3 Kd7 36. Be3 h5 37. Kh2 Bd5 38. f3 f6 39. Kg3 Ke6 40. Rc2 g5
41. h4 Rg7 42. Rb2 Bb7 1/2-1/2

[Event "Weekend"]
[Site "Pinerolo ITA"]
[Date "2009.11.15"]
[Round "4"]
[White "Zaccaria, Christian"]
[Black "Combina, Gabriele"]
[Result "0-1"]
[WhiteElo "1440"]
[BlackElo "1572"]
[PlyCount "100"]
[EventDate "2009.11.13"]

1. e4 c5 2. Nf3 d6 3. Bb5+ Bd7 4. Bxd7+ Qxd7 5. Nc3 Nf6 6. b3 Nc6 7. O-O e6 8.
Bb2 Be7 9. d4 cxd4 10. Nxd4 Rc8 11. Nxc6 Rxc6 12. e5 dxe5 13. Qxd7+ Kxd7 14.
Rad1+ Rd6 15. Rxd6+ Kxd6 16. Ba3+ Kd7 17. Rd1+ Ke8 18. Bb2 a6 19. Ne2 Nd7 20.
c4 Bf6 21. a4 Ke7 22. Ba3+ Kd8 23. c5 Kc7 24. b4 Rd8 25. Nc3 Be7 26. a5 Nb8 27.
Rxd8 Bxd8 28. Ne4 Be7 29. f3 Kc6 30. Nc3 Nd7 31. Kf2 Nf6 32. Ke2 Nd5 33. Kd2
Nxc3 34. Kxc3 Kb5 35. g3 f5 36. Bb2 Bf6 37. Kb3 e4 38. Bc1 exf3 39. Be3 h6 40.
h4 e5 41. c6 bxc6 42. Bc5 g5 43. hxg5 Bxg5 44. Kc3 f4 45. g4 e4 46. Kd2 e3+ 47.
Ke1 f2+ 48. Kf1 f3 49. Bf8 Bh4 50. Bc5 e2# 0-1

[Event "Weekend"]
[Site "Pinerolo ITA"]
[Date "2009.11.15"]
[Round "5"]
[White "Abbura', Davide"]
[Black "Giordana, Diego"]
[Result "1-0"]
[WhiteElo "1691"]
[BlackElo "1485"]
[PlyCount "35"]
[EventDate "2009.11.13"]

1. e4 e5 2. Nf3 Nc6 3. Bb5 a6 4. Ba4 Nf6 5. O-O Be7 6. d3 b5 7. Bb3 O-O 8. Bg5
d6 9. h3 Be6 10. Bxe6 fxe6 11. Nbd2 d5 12. c3 Ne8 13. Bxe7 Qxe7 14. exd5 exd5
15. Qb3 Nf6 16. Rfe1 Rad8 17. Ne4 Qd6 18. Nxd6 1-0

[Event "Weekend"]
[Site "Pinerolo ITA"]
[Date "2009.11.15"]
[Round "5"]
[White "Bellia, Mario"]
[Black "Adduasio, Simone"]
[Result "1-0"]
[WhiteElo "1582"]
[BlackElo "1302"]
[PlyCount "93"]
[EventDate "2009.11.13"]

1. Nf3 e6 2. b3 Nf6 3. Bb2 Nc6 4. a3 Bc5 5. d4 Bb6 6. c4 a6 7. Nc3 d5 8. e3 Ne4
9. Bd3 Ba5 10. Bxe4 dxe4 11. Nd2 f5 12. O-O e5 13. d5 Ne7 14. b4 Bb6 15. Nb3 c6
16. c5 Bc7 17. d6 Bxd6 18. cxd6 Ng6 19. Nc5 b6 20. N5a4 Rb8 21. Qd2 Qg5 22. Ne2
Nh4 23. Ng3 f4 24. exf4 exf4 25. d7+ Bxd7 26. Rfe1 Qd5 27. Rxe4+ Be6 28. Qxf4
Kd7 29. Rd4 Nxg2 30. Rxd5+ Bxd5 31. Qe5 Rhe8 32. Qxg7+ Re7 33. Qg4+ Re6 34. Rd1
Kd6 35. Nc3 Rbe8 36. Nce4+ Kc7 37. Rxd5 cxd5 38. Nf6 Re1+ 39. Kxg2 Rf8 40.
Nxd5+ Kc6 41. Qc4+ Kd6 42. Nxb6 Rd1 43. Qc5+ Ke6 44. Qe5+ Kf7 45. Qg7+ Ke8 46.
Bf6 Rd6 47. Qe7# 1-0

[Event "Weekend"]
[Site "Pinerolo ITA"]
[Date "2009.11.15"]
[Round "5"]
[White "Bonino, Matteo"]
[Black "Flego, Dario"]
[Result "1/2-1/2"]
[WhiteElo "1566"]
[BlackElo "1768"]
[PlyCount "79"]
[EventDate "2009.11.13"]

1. d4 Nf6 2. Nf3 g6 3. Nc3 d5 4. Bf4 a6 5. Qd2 Bf5 6. e3 Bg7 7. Be2 Nc6 8. Ne5
Nxe5 9. dxe5 Nd7 10. Qxd5 c6 11. Qd2 Nxe5 12. O-O-O O-O 13. e4 Be6 14. Qe3 Qa5
15. a3 Nc4 16. Bxc4 Bxc4 17. Bh6 b5 18. Bxg7 Kxg7 19. h4 Be6 20. h5 b4 21. hxg6
fxg6 22. Qh6+ Kf6 23. Qh4+ Qg5+ 24. Qxg5+ Kxg5 25. axb4 Rxf2 26. Rxh7 Rxg2 27.
Rxe7 Bg4 28. Rd6 Rh8 29. Kb1 Rh1+ 30. Ka2 Rxc2 31. Rxc6 Rhh2 32. Rxa6 Rxc3 33.
b5 Rcc2 34. Ka3 Rxb2 35. Ka4 Be2 36. Rb7 Rh1 37. Ka3 Rhb1 38. Rbb6 Bc4 39.
Rxg6+ Kh5 40. Rh6+ 1/2-1/2

[Event "Weekend"]
[Site "Pinerolo ITA"]
[Date "2009.11.15"]
[Round "5"]
[White "Carnino, Luca"]
[Black "Moschetto, Giuliano"]
[Result "1/2-1/2"]
[WhiteElo "1819"]
[BlackElo "1695"]
[PlyCount "75"]
[EventDate "2009.11.13"]

1. e4 c5 2. Nf3 d6 3. d4 cxd4 4. Nxd4 Nf6 5. Nc3 g6 6. Be3 Bg7 7. Qd2 Nc6 8.
O-O-O O-O 9. f3 Nxd4 10. Bxd4 Be6 11. Nd5 Nxd5 12. Bxg7 Kxg7 13. exd5 Bf5 14.
g4 Bd7 15. h4 f6 16. Bd3 a5 17. Rdg1 a4 18. g5 Qa5 19. gxf6+ Rxf6 20. Qe3 Qxd5
21. Qxe7+ Qf7 22. Qxf7+ Rxf7 23. h5 Bf5 24. hxg6 hxg6 25. Rd1 Bxd3 26. Rxd3
Raf8 27. Rxd6 Rxf3 28. Rg1 Rf1+ 29. Rxf1 Rxf1+ 30. Kd2 b5 31. Rd5 Rf5 32. Rxf5
gxf5 33. b3 Kf6 34. c4 axb3 35. axb3 bxc4 36. bxc4 Ke5 37. c5 Kd5 38. Ke3
1/2-1/2

[Event "Weekend"]
[Site "Pinerolo ITA"]
[Date "2009.11.15"]
[Round "5"]
[White "Carrozza, Alessandro"]
[Black "Topczewski, Damian"]
[Result "0-1"]
[WhiteElo "1458"]
[BlackElo "2123"]
[PlyCount "48"]
[EventDate "2009.11.13"]

1. c4 e5 2. Nc3 Nf6 3. Nf3 Nc6 4. g3 d5 5. cxd5 Nxd5 6. Bg2 Nb6 7. O-O Be6 8.
b3 Be7 9. Bb2 O-O 10. Rc1 f5 11. Nb5 a6 12. Na3 e4 13. Ne1 Bf6 14. Bxf6 Qxf6
15. Nb1 Rad8 16. Nc3 Nb4 17. Nc2 N6d5 18. Nxd5 Nxd5 19. Ne3 f4 20. Nxd5 Bxd5
21. Qc2 f3 22. exf3 exf3 23. Bh3 Qh6 24. Bg4 Qg5 0-1

[Event "Weekend"]
[Site "Pinerolo ITA"]
[Date "2009.11.15"]
[Round "5"]
[White "Combina, Gabriele"]
[Black "Martin, Tiziano"]
[Result "0-1"]
[WhiteElo "1572"]
[BlackElo "1968"]
[PlyCount "44"]
[EventDate "2009.11.13"]

1. d4 d5 2. Bf4 e6 3. e3 c5 4. c3 Nc6 5. Nf3 Qb6 6. Qb3 Nf6 7. Bd3 c4 8. Qxb6
axb6 9. Bc2 b5 10. b4 cxb3 11. Bxb3 Na5 12. Nbd2 Nxb3 13. Nxb3 Ne4 14. Ke2
Rxa2+ 15. Rxa2 Nxc3+ 16. Kd2 Nxa2 17. Ra1 Bb4+ 18. Kd3 Nc3 19. Ra8 O-O 20. Rb8
f6 21. Ne1 e5 22. dxe5 Bf5+ 0-1

[Event "Weekend"]
[Site "Pinerolo ITA"]
[Date "2009.11.15"]
[Round "5"]
[White "Della Penna, Vincenzo"]
[Black "Giaveno, Marzio"]
[Result "1-0"]
[WhiteElo "1775"]
[BlackElo "1509"]
[PlyCount "77"]
[EventDate "2009.11.13"]

1. c4 Nf6 2. Nc3 g6 3. g3 Bg7 4. Bg2 O-O 5. Nf3 Nc6 6. O-O e5 7. d3 d6 8. a3
Re8 9. e4 Bg4 10. h3 Bxf3 11. Bxf3 Qd7 12. Bg2 Nd4 13. Be3 Qc6 14. b4 b5 15.
Rc1 bxc4 16. Bxd4 exd4 17. e5 Qa6 18. Bxa8 Rxa8 19. exf6 Bxf6 20. Nd5 Bd8 21.
Rxc4 c6 22. Nf4 Bf6 23. a4 d5 24. Rc5 Rb8 25. b5 Qb6 26. Rxc6 Qd8 27. Qf3 Bg7
28. Qxd5 Qe7 29. Qc4 Qd7 30. Re1 h6 31. Rc7 Qf5 32. Ree7 Rf8 33. Rxa7 g5 34.
Ne6 fxe6 35. Qxe6+ Qxe6 36. Rxe6 Kh8 37. b6 Rb8 38. b7 Rd8 39. Ra8 1-0

[Event "Weekend"]
[Site "Pinerolo ITA"]
[Date "2009.11.15"]
[Round "5"]
[White "Finocchiaro, Gianluca"]
[Black "Giacone, Maurizio"]
[Result "1-0"]
[WhiteElo "2065"]
[BlackElo "1731"]
[PlyCount "65"]
[EventDate "2009.11.13"]

1. e4 d5 2. exd5 Qxd5 3. Nc3 Qa5 4. b4 Qxb4 5. a4 Nf6 6. Rb1 Qd6 7. Nf3 c6 8.
Bc4 e6 9. O-O Be7 10. d4 O-O 11. g3 Nd5 12. Ne4 Qd8 13. Qd3 Nd7 14. Bb3 N5f6
15. Nxf6+ Bxf6 16. c4 g6 17. Nd2 e5 18. Ne4 exd4 19. Bh6 Bg7 20. Bxg7 Kxg7 21.
Qxd4+ Nf6 22. Qb2 Bf5 23. Rbd1 Qe7 24. Nd6 Be6 25. Rfe1 Rad8 26. c5 b6 27. Qe5
bxc5 28. f4 Kg8 29. f5 gxf5 30. Nxf5 Bxf5 31. Qxe7 Rxd1 32. Rxd1 Kg7 33. Rf1
1-0

[Event "Weekend"]
[Site "Pinerolo ITA"]
[Date "2009.11.15"]
[Round "5"]
[White "La Mesa, Sergio"]
[Black "Combina, Alberto"]
[Result "1/2-1/2"]
[WhiteElo "1413"]
[BlackElo "1578"]
[PlyCount "77"]
[EventDate "2009.11.13"]

1. d4 f5 2. Nf3 e6 3. e3 Nf6 4. Bd3 d5 5. Nbd2 c6 6. O-O Bd6 7. c4 O-O 8. c5
Bc7 9. b4 a6 10. Bb2 Nbd7 11. a4 Ne4 12. b5 Ndf6 13. bxc6 bxc6 14. Rb1 Rb8 15.
Qe2 a5 16. Ba1 Bd7 17. Rxb8 Qxb8 18. Rb1 Qa8 19. Qd1 Rb8 20. Rxb8+ Qxb8 21. Qb1
Qxb1+ 22. Bxb1 Ng4 23. g3 Ngxf2 24. Nxe4 Nxe4 25. Bxe4 fxe4 26. Nd2 Bc8 27. Bc3
Ba6 28. Nb3 Bc4 29. Nxa5 Bxa5 30. Bxa5 Bb3 31. Bc7 Bxa4 32. Kg2 Kf7 33. Kh3 Kg6
34. Kg4 h5+ 35. Kf4 Bd1 36. Bd8 Bg4 37. h4 Kf7 38. Ke5 Ke8 39. Bg5 1/2-1/2

[Event "Weekend"]
[Site "Pinerolo ITA"]
[Date "2009.11.15"]
[Round "5"]
[White "Longo, Luigi"]
[Black "Piazza, Giacomo"]
[Result "1-0"]
[WhiteElo "1962"]
[BlackElo "1540"]
[PlyCount "93"]
[EventDate "2009.11.13"]

1. d4 Nf6 2. Nf3 g6 3. Bg5 Ne4 4. Bh4 c6 5. Nbd2 Qa5 6. c3 Nd6 7. e4 Bg7 8. Bd3
Qd8 9. Qb3 O-O 10. e5 Nb5 11. Bxb5 cxb5 12. Qxb5 a6 13. Qc5 Re8 14. O-O b6 15.
Qa3 b5 16. Ne4 Bb7 17. Nd6 Bxf3 18. Nxe8 Qxe8 19. gxf3 Nc6 20. Rfe1 a5 21. Qc5
Bf8 22. Qxb5 Rb8 23. Qe2 e6 24. Bg5 Ne7 25. Rab1 Nf5 26. Red1 h6 27. Bf4 Rb6
28. d5 Qa8 29. dxe6 dxe6 30. Qe4 Qb8 31. b3 Rb5 32. Rd7 Kg7 33. Rbd1 Qb6 34. c4
Rc5 35. Qb7 Qc6 36. Qxc6 Rxc6 37. Ra7 Nh4 38. Bg3 Nxf3+ 39. Kg2 Ng5 40. f4 Ne4
41. Rxa5 g5 42. Ra8 Bb4 43. Rdd8 Kg6 44. fxg5 Nxg3 45. hxg3 Kxg5 46. Rdc8 Rb6
47. Rab8 1-0

[Event "Weekend"]
[Site "Pinerolo ITA"]
[Date "2009.11.15"]
[Round "5"]
[White "Molina, Fabrizio"]
[Black "Medaglia, Enzo"]
[Result "1-0"]
[WhiteElo "2220"]
[BlackElo "1748"]
[PlyCount "67"]
[EventDate "2009.11.13"]

1. Nf3 Nf6 2. c4 g6 3. Nc3 Bg7 4. d4 O-O 5. Bg5 d6 6. e3 Nbd7 7. Be2 c5 8. O-O
a6 9. Qc2 cxd4 10. exd4 b6 11. Rab1 Bb7 12. b4 Qc7 13. Qd3 Rac8 14. Nd2 e5 15.
d5 h6 16. Be3 Nh7 17. Rfc1 f5 18. f3 Rce8 19. Na4 Qd8 20. c5 e4 21. fxe4 Ne5
22. Qb3 bxc5 23. bxc5 f4 24. Bf2 Bc8 25. cxd6 f3 26. Nxf3 Nxf3+ 27. Bxf3 Ng5
28. Kh1 Nxe4 29. Bxe4 Rxf2 30. Qg3 Rd2 31. Qxg6 Rf2 32. Rf1 Rxe4 33. Qxe4 Bf5
34. Qe7 1-0

[Event "Weekend"]
[Site "Pinerolo ITA"]
[Date "2009.11.15"]
[Round "5"]
[White "Pesiri, Rossano"]
[Black "Sotgia, Cosimo"]
[Result "1-0"]
[WhiteElo "1497"]
[BlackElo "1874"]
[PlyCount "71"]
[EventDate "2009.11.13"]

1. d4 c5 2. d5 Nf6 3. c4 b5 4. cxb5 a6 5. f3 axb5 6. e4 Qa5+ 7. Bd2 Qb6 8. Qb3
b4 9. e5 Ng8 10. Na3 Ba6 11. Nc4 Bxc4 12. Bxc4 d6 13. f4 Nh6 14. Nf3 g6 15. h3
Bg7 16. Kf2 O-O 17. a3 Na6 18. Bxa6 Rxa6 19. axb4 Rxa1 20. Rxa1 Nf5 21. Ke1
dxe5 22. fxe5 Rb8 23. Ra4 Ng3 24. Qc4 cxb4 25. Rxb4 Qa7 26. Rxb8+ Qxb8 27. Bc3
h6 28. Kf2 Nf5 29. Qc5 Qb3 30. Nd2 Qc2 31. g4 Nh4 32. Qxe7 g5 33. Qe8+ Bf8 34.
e6 Qg6 35. e7 Qa6 36. exf8=Q+ 1-0

[Event "Weekend"]
[Site "Pinerolo ITA"]
[Date "2009.11.15"]
[Round "5"]
[White "Petritaj, Ferdinando"]
[Black "Babilonia, Mauricio Rafael"]
[Result "1/2-1/2"]
[WhiteElo "2193"]
[BlackElo "2035"]
[PlyCount "25"]
[EventDate "2009.11.13"]

1. d4 d5 2. c4 c6 3. Nc3 Nf6 4. Nf3 e6 5. e3 Be7 6. Qc2 O-O 7. b3 Nbd7 8. Bb2
b6 9. Be2 Bb7 10. O-O c5 11. dxc5 bxc5 12. cxd5 exd5 13. Rad1 1/2-1/2

[Event "Weekend"]
[Site "Pinerolo ITA"]
[Date "2009.11.15"]
[Round "5"]
[White "Stroppa, Daniel"]
[Black "Cirrincione, Giansalvo"]
[Result "1-0"]
[WhiteElo "2208"]
[BlackElo "1982"]
[PlyCount "49"]
[EventDate "2009.11.13"]

1. g3 c5 2. Bg2 g6 3. e4 Bg7 4. c3 Nc6 5. Ne2 e6 6. d3 Nge7 7. O-O O-O 8. Be3
b6 9. h3 Bb7 10. f4 f5 11. e5 Na5 12. Bxb7 Nxb7 13. d4 d5 14. Nd2 Nc6 15. Nf3
Qe7 16. g4 h6 17. gxf5 gxf5 18. Kh2 Kf7 19. Bf2 Ke8 20. Bh4 Qf7 21. Rg1 Ne7 22.
Qa4+ Kd8 23. Qc6 Rb8 24. dxc5 bxc5 25. Ned4 1-0